| 000 | 02416nam a2200469 a 4500 | ||
|---|---|---|---|
| 001 | 991016974309706706 | ||
| 003 | ES-BaIT | ||
| 005 | 20260402120602.0 | ||
| 008 | 900725s1750 spc 000 d spa c | ||
| 026 |
_ease, e,s. e.r? ::e! C [1750] Q _2fei |
||
| 035 | _a(ES-BaCBU).b44273800 | ||
| 040 |
_aES-BaAHC _bcat _cES-BaAHC |
||
| 080 | _a860-2"17" | ||
| 245 | 0 | 0 | _aEntremes de las cortesias |
| 246 | 3 | _a Las Cortesias | |
| 260 |
_aCon licencia. Barcelona : _bEn la imprenta de Pedro Escudèr, en la calle Condál, _c[ca.1750] |
||
| 300 |
_a8 p. ; _c16 cm |
||
| 500 | _aLloc i menció de public. obtingut del colofó. Data aprox. deduïda de l'època de treball de l'imp. | ||
| 500 | _aSign.: [ ]⁴ | ||
| 500 | _aReclams | ||
| 500 | _aFris a la primera pàgina | ||
| 500 | _aP8: D3. H5 | ||
| 530 | _aReproducció digital disponible a Biblioescènic | ||
| 593 |
_bVIT-050/05 _cEnquadernació holandesa amb puntes de color marró, nervis, guardes marbrejades, daurat al llom: Fernández / Guerra / Entremeses / VIII. Etiqueta d'antic topogràfic al full de guarda volant anterior: Vitrina A Estante 2. Sumari manuscrit als fulls de guarda anterior de les obres que conté el volum. Relligat a la col·lecció factícia: Fernández / Guerra / Entremeses / VIII _fEx-libris de la Colección Teatral Arturo Sedó a la contracoberta anterior . Segell de la Colección teatral Arturo Sedó a portada. Procedència Fernández- Guerra _gExemplar digitalitzat per Crossland, 2022 _hArtur Sedó |
||
| 650 | 4 | _aEntremès | |
| 650 | 4 |
_aEntremesos _yS. XVIII |
|
| 700 | 1 |
_aEscuder, Pere _d-1761 _eimpressor _995130 |
|
| 730 | 0 |
_aCol·lecció digital Biblioescènic del MAE _969172 |
|
| 752 |
_aCatalunya _dBarcelona |
||
| 856 | 4 | 1 |
_zAccés lliure (Biblioescènic) _uhttps://books.cdmae.cat/visorpdf/?recurs=SV0050-05 |
| 856 | 4 | 2 |
_zFitxa del catàleg manual _uhttps://www.cdmae.cat/sedo/imgtitulos/017/P0001101.gif |
| 856 | 4 | 2 |
_zFitxa del catàleg manual _uhttps://www.cdmae.cat/sedo/imgtitulos/017/P0001102.gif |
| 856 | 4 | 2 |
_zFitxa del catàleg manual _uhttps://www.cdmae.cat/sedo/imgtitulos/017/P0001103.gif |
| 902 | _aPatrimoni | ||
| 902 | _aFons antic | ||
| 907 |
_a.b44273800 _b21-06-21 _c07-07-10 _d07-07-10 _em _fa _gp _hspa _ispc _j0 _k0 |
||
| 908 | _aAHCB | ||
| 910 | 1 | _aEscuder, Pere, | |
| 940 |
_aBNE _aCDMAE |
||
| 942 |
_2udc _cDIGITAL |
||
| 999 |
_c137346 _d137346 |
||